000 00441nam a22001697a 4500
999 _c1603
_d1602
005 20210831120026.0
008 160524b xxu||||| |||| 00| 0 eng d
020 _a81-203-1921-4
041 _aeng
082 _b4733
_a657.45
100 _aKumar, Ravindra & Sharma, Virendra
_91179
245 _aFundamentals of Practical Auditing
260 _aNew Delhi
_bAcademic Faundation
300 _a613
650 _aManagement
_9241
942 _cBK